00336pab a2200121 454500008004000000245005600040260000900096300001400105362001100119650002700130650002300157773003400180180718b2005 xxu||||| |||| 00| 0 eng d aINSTITUTIONAL constraints on government expenditure c2005 ap.170-76. a15 Jan aGovernment expenditure aPublic expenditure aEconomic and Political Weekly